| 000 | 00462nam a2200181Ia 4500 | ||
|---|---|---|---|
| 001 | 7760 | ||
| 005 | 20260306160519.0 | ||
| 008 | 260306t2015||||xx |||||||||||||| ||spa|| | ||
| 041 | _aESP | ||
| 082 |
_a361.61 _bB38 2015 |
||
| 100 |
_aBeltrán Barco, Arlette _eAUT |
||
| 245 | 0 | _aEvaluación social de proyectos para países en desarrollo | |
| 260 | _c2015 | ||
| 300 |
_a286 páginas : _c24 cm. |
||
| 650 | _aGEN | ||
| 654 | _aCAN | ||
| 942 |
_cLIB _dJUS _fJUS _2ddc _n |
||
| 999 |
_c7760 _d7760 |
||